| 000 | 01053cam a2200301 4500 | ||
|---|---|---|---|
| 008 | 090401t2000 xxu||||| |||| 00| 0 eng d | ||
| 020 | _a1873394365 | ||
| 035 | _a(Sirsi) u99480 | ||
| 041 | _aeng | ||
| 050 | _a690.231 | ||
| 100 | _aLatham, Derek | ||
| 245 | _aCreative re-use of buildings : volume 1 principles and practice. | ||
| 260 |
_aShaftesbury, Dorset _bDonhead _c2000 |
||
| 300 | _axx, 231p. ill. ; 28cm. | ||
| 350 | _a80.00 | ||
| 520 | _aThis publication explains how to identify appropriate uses for buildings and discusses the choices between design, intervention, repair and replication and when to use new techniques or traditional skills. It also offers advice on how to encourage both planners and funders to support proposals involving re-use. | ||
| 650 | _aRE-USE | ||
| 650 | _aREUSE | ||
| 650 | _aCONVERSIONS | ||
| 650 | _aRESTORATION | ||
| 650 | _aOLDER BUILDINGS | ||
| 650 | _aREPAIRS | ||
| 650 | _aDESIGN | ||
| 650 | _aARCHITECTURE | ||
| 690 |
_aRefurbishment _96264 |
||
| 942 | _n0 | ||
| 948 | _c14/07/1998 | ||
| 999 |
_c99353 _d99353 |
||